Confederación Española de Familias de Personas Sordas

Biblioteca

Vista normal Vista MARC
  • Real Patronato sobre Discapacidad

Entrada Nombre corporativo

Número de registros utilizados en: 1

001 - NÚMERO DE CONTROL

  • campo de control: 2219

003 - IDENTIFICADOR DEL NÚMERO DE CONTROL

  • campo de control: ES-MaFIAP

005 - FECHA Y HORA DE LA ÚLTIMA TRANSACCIÓN

  • campo de control: 20231218132925.0

008 - DATOS DE LONGITUD FIJA

  • campo de control de longitud fija: 231218|| aca||aabn | a|a d

040 ## - FUENTE DE LA CATALOGACIÓN

  • Centro catalogador/agencia de origen: ES-MaFIAP
  • Centro/agencia transcriptor: ES-MaFIAP

110 ## - ENCABEZAMIENTO-NOMBRE DE ENTIDAD CORPORATIVA

  • Nombre de entidad corporativa o nombre de jurisdicción como elemento de entrada: Real Patronato sobre Discapacidad
  • Unidad subordinada: Reunión
  • Número del congreso/reunión o número de parte o sección: (11ª.
  • Fecha del congreso o de la firma del tratado: 2006.
  • Sede del congreso/Lugar de la reunión: Madrid)

670 ## - FUENTE DE DATOS ENCONTRADOS

  • Cita de la fuente: Work cat.: (ES-MaFIAP)859: Congreso Nacional sobre Universidad y Discapacidad 2º 2006 Madrid 2218, Adaptar la igualdad, normalizar la diversidad : , [2006]

Esta web es posible gracias a:

Ministerio de Asuntos Sociales y Agenda 2030 Ministerio de Asuntos Sociales y Agenda 2030 Fundación ONCE

© FIAPAS 2015 | Servicio Telesor Aviso Legal y Política de Privacidad | Política de cookies | Acerca de FIAPAS
Confederación Española de Familias de Personas Sordas - C/ Pantoja, 5 (Local) – 28002 Madrid – / Tel: 91 576 51 49 – Fax: 91 576 57 46

Con tecnología Koha